000
00284nam a22001217a 4500
008
170601b xxu||||| |||| 00| 0 eng d
041
_a
eng
080
_2
1st
_a
94
100
_a
17
101
_a
SHH
245
_a
PEOPLES AND CULTURES OF THE CARIBBEAN
_c
HOROWITZ,M.M
942
_2
udc
_c
BK
999
_c
15235
_d
15235